[Event "65+ World Senior Team Championship"]
[Site "chess24.com"]
[Date "2017.04.28"]
[Round "5"]
[White "Nilsson, Christer 1950"]
[Black "Kratschmer, Heinz"]
[Result "1-0"]
[Board "3"]
[WhiteElo "1962"]
[WhiteCountry "SWE"]
[WhiteFideId "1709631"]
[WhiteEloChange "11"]
[BlackElo "2003"]
[BlackCountry "AUT"]
[BlackFideId "1606670"]
[BlackEloChange "-11"]

1. e4 {[%clk 1:30:56]} c5 {[%clk 1:30:56]} 2. Nf3 {[%clk 1:31:15]} g6 {[%clk
1:31:20]} 3. d4 {[%clk 1:31:18]} cxd4 {[%clk 1:31:44]} 4. Nxd4 {[%clk 1:31:37]}
Nc6 {[%clk 1:32:08]} 5. c4 {[%clk 1:30:56]} Nf6 {[%clk 1:32:29]} 6. Nc3 {[%clk
1:29:48]} Nxd4 {[%clk 1:32:39]} 7. Qxd4 {[%clk 1:29:59]} d6 {[%clk 1:33:06]} 8.
Bg5 {[%clk 1:24:04]} Bg7 {[%clk 1:33:28]} 9. Qd2 {[%clk 1:21:13]} O-O {[%clk
1:33:27]} 10. Be2 {[%clk 1:20:18]} Be6 {[%clk 1:33:19]} 11. O-O {[%clk 1:17:35]}
Rc8 {[%clk 1:28:06]} 12. b3 {[%clk 1:09:07]} Re8 {[%clk 1:19:51]} 13. Rad1 {[%clk
1:03:36]} Qa5 {[%clk 1:18:52]} 14. Bxf6 {[%clk 1:00:44]} exf6 {[%clk 1:13:43]}
15. Nb5 {[%clk 0:57:45]} Qxd2 {[%clk 1:08:54]} 16. Rxd2 {[%clk 0:58:07]} f5
{[%clk 1:05:28]} 17. exf5 {[%clk 0:55:29]} Bxf5 {[%clk 1:05:10]} 18. Bf3 {[%clk
0:54:28]} Re7 {[%clk 1:00:52]} 19. g4 {[%clk 0:50:20]} Be6 {[%clk 0:54:04]} 20.
Rfd1 {[%clk 0:45:40]} a6 {[%clk 0:52:30]} 21. Nxd6 {[%clk 0:41:58]} Rcc7 {[%clk
0:52:52]} 22. Ne4 {[%clk 0:41:09]} Be5 {[%clk 0:46:29]} 23. Rd8+ {[%clk 0:39:43]}
Kg7 {[%clk 0:46:50]} 24. h3 {[%clk 0:36:08]} h6 {[%clk 0:45:47]} 25. Kg2 {[%clk
0:35:19]} f5 {[%clk 0:41:18]} 26. gxf5 {[%clk 0:34:39]} Bxf5 {[%clk 0:41:14]} 27.
Ng3 {[%clk 0:34:35]} Bd7 {[%clk 0:38:02]} 28. Rd2 {[%clk 0:29:32]} Bc3 {[%clk
0:31:27]} 29. Re2 {[%clk 0:28:45]} Bf6 {[%clk 0:26:18]} 30. Rxe7+ {[%clk
0:23:17]} Bxe7 {[%clk 0:24:37]} 31. Ra8 {[%clk 0:22:18]} Bc8 {[%clk 0:23:22]} 32.
Bg4 {[%clk 0:21:05]} Bd7 {[%clk 0:22:53]} 33. Bxd7 {[%clk 0:20:34]} Rxd7 {[%clk
0:23:21]} 34. Ne4 {[%clk 0:20:13]} Kf7 {[%clk 0:22:17]} 35. Rb8 {[%clk 0:18:43]}
Ke6 {[%clk 0:21:41]} 36. Kf3 {[%clk 0:17:06]} Kf5 {[%clk 0:20:39]} 37. Ke3 {[%clk
0:16:07]} Bd8 {[%clk 0:19:28]} 38. c5 {[%clk 0:15:15]} Ke5 {[%clk 0:18:40]} 39.
b4 {[%clk 0:14:00]} Kd5 {[%clk 0:18:45]} 40. Kd3 {[%clk 0:40:03]} Ke5+ {[%clk
0:48:09]} 41. Ke3 {[%clk 0:37:18]} Kd5 {[%clk 0:48:38]} 42. a3 {[%clk 0:34:39]}
Kc6 {[%clk 0:45:21]} 43. Nd6 {[%clk 0:33:17]} b6 {[%clk 0:45:32]} 44. Rc8+ {[%clk
0:31:33]} Bc7 {[%clk 0:43:38]} 45. Ne4 {[%clk 0:27:54]} bxc5 {[%clk 0:40:14]} 46.
Nxc5 {[%clk 0:27:35]} Re7+ {[%clk 0:40:18]} 47. Kd4 {[%clk 0:24:18]} Kb5 {[%clk
0:40:29]} 48. a4+ {[%clk 0:23:32]} Kb6 {[%clk 0:39:50]} 49. Kc4 {[%clk 0:20:37]}
Rf7 {[%clk 0:37:54]} 50. a5+ {[%clk 0:19:06]} Ka7 {[%clk 0:36:28]} 51. Kd5 {[%clk
0:17:57]} Rf5+ {[%clk 0:27:49]} 52. Ke6 {[%clk 0:14:09]} Bxa5 {[%clk 0:26:29]}
53. bxa5 {[%clk 0:14:05]} Rxf2 {[%clk 0:26:57]} 54. Rc6 {[%clk 0:13:40]} Rh2
{[%clk 0:26:54]} 55. Kd7 {[%clk 0:13:38]} Rf2 {[%clk 0:26:18]} 56. Rxa6+ {[%clk
0:13:30]} Kb8 {[%clk 0:26:47]} 57. Rxg6 {[%clk 0:13:42]} h5 {[%clk 0:27:03]} 58.
Rg5 {[%clk 0:12:51]} h4 {[%clk 0:26:06]} 59. Rg4 {[%clk 0:13:11]} Rf7+ {[%clk
0:26:08]} 60. Kc6 {[%clk 0:13:35]} Rh7 {[%clk 0:26:08]} 61. Rb4+ {[%clk 0:13:20]}
Ka8 {[%clk 0:26:22]} 62. Nd7 {[%clk 0:12:39]} Rh5 {[%clk 0:24:01]} 63. Rb5 {[%clk
0:12:43]} Rh7 {[%clk 0:23:41]} 64. Rb6 {[%clk 0:10:39]} Rh6+ {[%clk 0:21:58]} 65.
Kb5 {[%clk 0:10:46]} Rh5+ {[%clk 0:21:55]} 66. Ka6 {[%clk 0:10:53]} Rh6 {[%clk
0:22:02]} 67. Ne5 {[%clk 0:09:54]} Rh7 {[%clk 0:21:15]} 68. Rf6 {[%clk 0:10:02]}
Rh8 {[%clk 0:20:52]} 69. Nf3 {[%clk 0:08:51]} Kb8 {[%clk 0:20:31]} 70. Rf4 {[%clk
0:09:14]} Rh6+ {[%clk 0:19:57]} 71. Kb5 {[%clk 0:09:39]} Rh5+ {[%clk 0:19:53]}
72. Kb4 {[%clk 0:10:08]} 1-0

[Event "65+ World Senior Team Championship"]
[Site "chess24.com"]
[Date "2017.04.28"]
[Round "5"]
[White "Pitzl, Konstantinos"]
[Black "Gromark, Per-Olof"]
[Result "1/2-1/2"]
[Board "4"]
[WhiteElo "2001"]
[WhiteCountry "AUT"]
[WhiteFideId "1627112"]
[WhiteEloChange "-1"]
[BlackElo "1959"]
[BlackCountry "SWE"]
[BlackFideId "1722433"]
[BlackEloChange "1"]

1. c4 {[%clk 1:30:54]} e6 {[%clk 1:29:28]} 2. Nf3 {[%clk 1:30:44]} d5 {[%clk
1:29:47]} 3. d4 {[%clk 1:28:49]} Nf6 {[%clk 1:30:05]} 4. Nc3 {[%clk 1:27:39]}
Nbd7 {[%clk 1:30:28]} 5. e3 {[%clk 1:23:51]} a6 {[%clk 1:28:57]} 6. Bd3 {[%clk
1:22:35]} dxc4 {[%clk 1:28:17]} 7. Bxc4 {[%clk 1:22:48]} b5 {[%clk 1:28:36]} 8.
Be2 {[%clk 1:22:45]} Bb7 {[%clk 1:28:13]} 9. O-O {[%clk 1:21:48]} Be7 {[%clk
1:27:33]} 10. Qc2 {[%clk 1:14:57]} O-O {[%clk 1:27:24]} 11. Rd1 {[%clk 1:15:07]}
Rc8 {[%clk 1:21:02]} 12. a3 {[%clk 1:14:39]} c5 {[%clk 1:19:00]} 13. dxc5 {[%clk
1:13:22]} Rxc5 {[%clk 1:18:15]} 14. b4 {[%clk 1:06:29]} Rc7 {[%clk 1:17:42]} 15.
Bb2 {[%clk 1:06:47]} Qa8 {[%clk 1:16:01]} 16. Rac1 {[%clk 1:05:54]} Nb6 {[%clk
1:10:54]} 17. Qb1 {[%clk 1:03:11]} Nc4 {[%clk 1:08:10]} 18. Na2 {[%clk 0:52:43]}
Rfc8 {[%clk 1:05:02]} 19. Qa1 {[%clk 0:48:30]} Ne8 {[%clk 0:59:46]} 20. Bd4
{[%clk 0:22:08]} Bf6 {[%clk 0:55:42]} 21. Bxf6 {[%clk 0:21:13]} Nxf6 {[%clk
0:55:40]} 22. Nc3 {[%clk 0:20:51]} h6 {[%clk 0:47:29]} 23. a4 {[%clk 0:20:00]}
Nd5 {[%clk 0:44:03]} 24. Nxd5 {[%clk 0:19:43]} Bxd5 {[%clk 0:44:15]} 25. axb5
{[%clk 0:19:43]} axb5 {[%clk 0:44:32]} 26. Qxa8 {[%clk 0:19:44]} 1/2-1/2

[Event "65+ World Senior Team Championship"]
[Site "chess24.com"]
[Date "2017.04.28"]
[Round "5"]
[White "Vucenovic, Dragomir"]
[Black "Giulian, Philip M"]
[Result "1/2-1/2"]
[Board "1"]
[WhiteElo "2274"]
[WhiteTitle "FM"]
[WhiteCountry "SUI"]
[WhiteFideId "1300393"]
[WhiteEloChange "-4"]
[BlackElo "2123"]
[BlackTitle "FM"]
[BlackCountry "SCO"]
[BlackFideId "2400197"]
[BlackEloChange "4"]

1. c4 {[%clk 1:30:55]} e6 {[%clk 1:30:54]} 2. Nf3 {[%clk 1:31:01]} d5 {[%clk
1:31:15]} 3. b3 {[%clk 1:31:13]} Nf6 {[%clk 1:31:23]} 4. Bb2 {[%clk 1:31:28]} Be7
{[%clk 1:31:32]} 5. g3 {[%clk 1:31:18]} O-O {[%clk 1:31:45]} 6. Bg2 {[%clk
1:31:34]} c5 {[%clk 1:32:01]} 7. O-O {[%clk 1:30:36]} Nc6 {[%clk 1:32:12]} 8.
cxd5 {[%clk 1:25:37]} exd5 {[%clk 1:32:09]} 9. d4 {[%clk 1:25:54]} Ne4 {[%clk
1:32:09]} 10. dxc5 {[%clk 1:12:50]} Bxc5 {[%clk 1:31:21]} 11. Nc3 {[%clk
1:06:20]} Nxc3 {[%clk 1:28:12]} 12. Bxc3 {[%clk 1:06:44]} Be6 {[%clk 1:28:35]}
13. Nd4 {[%clk 1:05:09]} Nxd4 {[%clk 1:25:10]} 14. Bxd4 {[%clk 1:05:27]} Rc8
{[%clk 1:25:31]} 15. Rc1 {[%clk 1:02:30]} Qb6 {[%clk 1:15:13]} 16. Bb2 {[%clk
0:51:59]} Rfd8 {[%clk 1:15:33]} 17. e3 {[%clk 0:49:51]} a5 {[%clk 1:05:59]} 18.
Qd2 {[%clk 0:46:31]} Bb4 {[%clk 0:47:41]} 19. Qd3 {[%clk 0:45:25]} Rc6 {[%clk
0:33:13]} 20. h4 {[%clk 0:40:04]} h6 {[%clk 0:33:16]} 21. Rfd1 {[%clk 0:34:59]}
Bg4 {[%clk 0:29:58]} 22. Rxc6 {[%clk 0:34:28]} bxc6 {[%clk 0:26:34]} 23. Rc1
{[%clk 0:34:39]} Be6 {[%clk 0:24:20]} 24. Qc2 {[%clk 0:33:21]} Rc8 {[%clk
0:24:40]} 25. Rd1 {[%clk 0:30:23]} Qc5 {[%clk 0:21:35]} 26. Qd3 {[%clk 0:27:43]}
Qa7 {[%clk 0:21:32]} 27. Rc1 {[%clk 0:26:06]} Qb6 {[%clk 0:20:12]} 28. e4 {[%clk
0:23:58]} Rd8 {[%clk 0:15:06]} 29. exd5 {[%clk 0:16:39]} Bxd5 {[%clk 0:15:11]}
30. Rd1 {[%clk 0:15:49]} Bc5 {[%clk 0:13:41]} 31. Qf5 {[%clk 0:14:49]} Bxg2
{[%clk 0:12:39]} 32. Rxd8+ {[%clk 0:13:34]} Qxd8 {[%clk 0:13:03]} 33. Qg4 {[%clk
0:11:20]} Bf8 {[%clk 0:12:44]} 34. Kxg2 {[%clk 0:11:32]} Qd5+ {[%clk 0:12:47]}
35. Kh2 {[%clk 0:09:30]} Qd2 {[%clk 0:12:52]} 36. Qd4 {[%clk 0:09:39]} Qe2 {[%clk
0:10:24]} 37. Kg2 {[%clk 0:09:25]} c5 {[%clk 0:10:39]} 38. Qe5 {[%clk 0:08:54]}
Qc2 {[%clk 0:11:04]} 39. Qc3 {[%clk 0:07:19]} Qe4+ {[%clk 0:09:52]} 40. Kh2
{[%clk 0:33:27]} Qe2 {[%clk 0:39:59]} 41. Kg1 {[%clk 0:32:40]} Qd1+ {[%clk
0:35:32]} 42. Kg2 {[%clk 0:32:39]} Qd5+ {[%clk 0:35:58]} 43. Kh2 {[%clk 0:32:13]}
Qd1 {[%clk 0:34:05]} 44. a4 {[%clk 0:29:18]} Qf1 {[%clk 0:29:46]} 45. Qc2 {[%clk
0:26:20]} c4 {[%clk 0:29:04]} 46. Bd4 {[%clk 0:26:36]} cxb3 {[%clk 0:28:56]} 47.
Qxb3 {[%clk 0:26:40]} Bb4 {[%clk 0:27:32]} 48. Qc2 {[%clk 0:19:56]} f6 {[%clk
0:27:42]} 49. Qc8+ {[%clk 0:19:56]} Kf7 {[%clk 0:25:26]} 50. Qd7+ {[%clk
0:15:23]} Kg6 {[%clk 0:24:25]} 51. h5+ {[%clk 0:14:37]} Kh7 {[%clk 0:24:47]} 52.
Qf5+ {[%clk 0:13:14]} Kg8 {[%clk 0:25:12]} 53. Be3 {[%clk 0:12:16]} Be1 {[%clk
0:17:55]} 54. Qd5+ {[%clk 0:12:12]} Kh8 {[%clk 0:17:48]} 55. Qd1 {[%clk 0:09:54]}
Kg8 {[%clk 0:18:00]} 56. Bb6 {[%clk 0:07:35]} Kh8 {[%clk 0:18:13]} 57. Qg4 {[%clk
0:06:34]} Kg8 {[%clk 0:17:45]} 58. Qf5 {[%clk 0:04:40]} Kh8 {[%clk 0:16:30]}
1/2-1/2

[Event "65+ World Senior Team Championship"]
[Site "chess24.com"]
[Date "2017.04.28"]
[Round "5"]
[White "Scrimgour, Alan"]
[Black "Bhend, Edwin"]
[Result "1/2-1/2"]
[Board "2"]
[WhiteElo "2063"]
[WhiteCountry "SCO"]
[WhiteFideId "417726"]
[WhiteEloChange "2"]
[BlackElo "2132"]
[BlackTitle "IM"]
[BlackCountry "SUI"]
[BlackFideId "1300288"]
[BlackEloChange "-2"]

1. e4 {[%clk 1:30:56]} d5 {[%clk 1:30:44]} 2. exd5 {[%clk 1:31:19]} Qxd5 {[%clk
1:31:09]} 3. Nc3 {[%clk 1:31:41]} Qd6 {[%clk 1:31:33]} 4. d4 {[%clk 1:31:50]} Nf6
{[%clk 1:31:50]} 5. Nb5 {[%clk 1:30:29]} Qd8 {[%clk 1:29:03]} 6. c4 {[%clk
1:29:13]} a6 {[%clk 1:25:51]} 7. Nc3 {[%clk 1:29:34]} Bg4 {[%clk 1:24:46]} 8. f3
{[%clk 1:22:25]} Bd7 {[%clk 1:21:16]} 9. Be3 {[%clk 1:20:35]} e6 {[%clk 1:21:10]}
10. Bd3 {[%clk 1:17:41]} Be7 {[%clk 1:16:28]} 11. Nge2 {[%clk 1:16:02]} O-O
{[%clk 1:16:49]} 12. Qc2 {[%clk 1:12:47]} Nc6 {[%clk 1:10:37]} 13. a3 {[%clk
1:12:20]} b5 {[%clk 1:09:23]} 14. O-O {[%clk 1:01:32]} bxc4 {[%clk 1:07:11]} 15.
Bxc4 {[%clk 1:01:37]} Na5 {[%clk 0:57:54]} 16. Ba2 {[%clk 0:53:56]} Nb7 {[%clk
0:58:10]} 17. Rfd1 {[%clk 0:49:19]} Nd6 {[%clk 0:58:21]} 18. Rac1 {[%clk
0:48:35]} Qb8 {[%clk 0:55:30]} 19. Bf2 {[%clk 0:43:17]} Rc8 {[%clk 0:55:45]} 20.
Ng3 {[%clk 0:41:59]} 1/2-1/2

[Event "65+ World Senior Team Championship"]
[Site "chess24.com"]
[Date "2017.04.28"]
[Round "5"]
[White "Hohler, Peter"]
[Black "Borwell, Alan P"]
[Result "1/2-1/2"]
[Board "3"]
[WhiteElo "2076"]
[WhiteTitle "FM"]
[WhiteCountry "SUI"]
[WhiteFideId "1300296"]
[WhiteEloChange "-2"]
[BlackElo "2000"]
[BlackCountry "SCO"]
[BlackFideId "2402335"]
[BlackEloChange "2"]

1. Nf3 {[%clk 1:29:45]} Nf6 {[%clk 1:30:43]} 2. c4 {[%clk 1:30:02]} b6 {[%clk
1:30:08]} 3. d4 {[%clk 1:29:41]} e6 {[%clk 1:30:06]} 4. a3 {[%clk 1:29:28]} Bb7
{[%clk 1:29:44]} 5. Nc3 {[%clk 1:29:54]} d5 {[%clk 1:19:24]} 6. cxd5 {[%clk
1:28:25]} Nxd5 {[%clk 1:16:29]} 7. Bd2 {[%clk 1:26:19]} Nf6 {[%clk 1:11:57]} 8.
Bg5 {[%clk 1:22:22]} Nbd7 {[%clk 1:05:04]} 9. e4 {[%clk 1:09:35]} Be7 {[%clk
1:01:31]} 10. Bd3 {[%clk 1:07:20]} O-O {[%clk 0:57:31]} 11. Qc2 {[%clk 0:50:33]}
h6 {[%clk 0:54:13]} 12. Bxf6 {[%clk 0:45:52]} Nxf6 {[%clk 0:50:24]} 13. O-O
{[%clk 0:44:43]} c5 {[%clk 0:48:24]} 14. dxc5 {[%clk 0:44:16]} Bxc5 {[%clk
0:48:14]} 15. Qe2 {[%clk 0:31:49]} Nh5 {[%clk 0:42:55]} 16. g3 {[%clk 0:26:23]}
Qf6 {[%clk 0:42:13]} 17. Na4 {[%clk 0:17:02]} Rac8 {[%clk 0:37:43]} 18. Nxc5
{[%clk 0:16:40]} Rxc5 {[%clk 0:37:50]} 19. Rfc1 {[%clk 0:16:17]} Rfc8 {[%clk
0:35:22]} 20. Rxc5 {[%clk 0:16:41]} Rxc5 {[%clk 0:35:45]} 21. Rd1 {[%clk
0:15:38]} g6 {[%clk 0:35:45]} 1/2-1/2

[Event "65+ World Senior Team Championship"]
[Site "chess24.com"]
[Date "2017.04.28"]
[Round "5"]
[White "McKerracher, Douglas"]
[Black "Staechelin, Ruedi"]
[Result "1/2-1/2"]
[Board "4"]
[WhiteElo "1941"]
[WhiteCountry "SCO"]
[WhiteFideId "2401002"]
[WhiteEloChange "4"]
[BlackElo "2092"]
[BlackCountry "SUI"]
[BlackFideId "1304070"]
[BlackEloChange "-4"]

1. e4 {[%clk 1:30:56]} e5 {[%clk 1:30:29]} 2. Nf3 {[%clk 1:31:18]} Nc6 {[%clk
1:30:48]} 3. Bb5 {[%clk 1:31:33]} Nf6 {[%clk 1:30:28]} 4. O-O {[%clk 1:28:49]} d6
{[%clk 1:27:23]} 5. d4 {[%clk 1:26:36]} Bd7 {[%clk 1:18:57]} 6. Nc3 {[%clk
1:25:40]} Be7 {[%clk 1:15:45]} 7. Re1 {[%clk 1:22:16]} exd4 {[%clk 1:09:40]} 8.
Nxd4 {[%clk 1:21:49]} O-O {[%clk 1:08:05]} 9. Nxc6 {[%clk 1:14:30]} bxc6 {[%clk
1:08:05]} 10. Bc4 {[%clk 1:11:59]} Be6 {[%clk 0:52:40]} 11. Bb3 {[%clk 1:05:55]}
d5 {[%clk 0:49:21]} 12. e5 {[%clk 1:04:18]} Nd7 {[%clk 0:46:10]} 13. Bf4 {[%clk
1:02:10]} Nc5 {[%clk 0:46:22]} 14. Qe2 {[%clk 1:00:21]} a5 {[%clk 0:44:29]} 15.
Na4 {[%clk 0:57:58]} Nxb3 {[%clk 0:43:13]} 16. axb3 {[%clk 0:58:12]} Qb8 {[%clk
0:38:20]} 17. Qe3 {[%clk 0:50:20]} Rd8 {[%clk 0:34:41]} 18. Red1 {[%clk 0:44:02]}
Qb4 {[%clk 0:32:41]} 19. Rd4 {[%clk 0:41:36]} Qb7 {[%clk 0:32:48]} 20. Bg5 {[%clk
0:41:51]} Bxg5 {[%clk 0:31:59]} 21. Qxg5 {[%clk 0:42:14]} Qb5 {[%clk 0:31:20]}
22. Nc3 {[%clk 0:38:20]} Qc5 {[%clk 0:31:30]} 23. Rh4 {[%clk 0:36:48]} Qf8 {[%clk
0:30:10]} 24. Qh5 {[%clk 0:28:39]} h6 {[%clk 0:30:29]} 25. Qf3 {[%clk 0:28:38]}
Qe7 {[%clk 0:30:07]} 26. Qg3 {[%clk 0:26:01]} Qg5 {[%clk 0:30:01]} 27. Qxg5
{[%clk 0:25:55]} hxg5 {[%clk 0:30:29]} 28. Rha4 {[%clk 0:26:07]} Bf5 {[%clk
0:30:35]} 29. Rc1 {[%clk 0:23:12]} Re8 {[%clk 0:30:06]} 30. Ne2 {[%clk 0:18:12]}
Rxe5 {[%clk 0:28:39]} 31. Nd4 {[%clk 0:18:19]} Bd7 {[%clk 0:28:40]} 32. Nf3
{[%clk 0:18:01]} Re2 {[%clk 0:26:44]} 33. Kf1 {[%clk 0:13:54]} Re7 {[%clk
0:25:31]} 34. Nxg5 {[%clk 0:13:58]} c5 {[%clk 0:25:24]} 35. Raa1 {[%clk 0:14:01]}
f6 {[%clk 0:18:58]} 36. Nf3 {[%clk 0:14:03]} Bg4 {[%clk 0:18:00]} 37. Re1 {[%clk
0:13:51]} Kf7 {[%clk 0:17:32]} 38. Rxe7+ {[%clk 0:11:36]} Kxe7 {[%clk 0:18:00]}
39. Ne1 {[%clk 0:11:55]} Kd6 {[%clk 0:15:37]} 40. f3 {[%clk 0:40:02]} Bd7 {[%clk
0:45:31]} 41. Ke2 {[%clk 0:36:50]} Bb5+ {[%clk 0:44:14]} 42. Kd2 {[%clk 0:36:45]}
Ra6 {[%clk 0:37:00]} 43. Nd3 {[%clk 0:36:13]} c4 {[%clk 0:36:09]} 44. bxc4 {[%clk
0:35:53]} Bxc4 {[%clk 0:36:19]} 45. Nf4 {[%clk 0:35:09]} c5 {[%clk 0:33:26]} 46.
Nh5 {[%clk 0:33:07]} Ra7 {[%clk 0:33:09]} 47. Ng3 {[%clk 0:30:15]} g6 {[%clk
0:28:42]} 48. Ne2 {[%clk 0:28:48]} d4 {[%clk 0:27:58]} 49. Nf4 {[%clk 0:25:27]}
Bf7 {[%clk 0:27:53]} 50. Ne2 {[%clk 0:22:58]} a4 {[%clk 0:26:24]} 51. Nf4 {[%clk
0:22:25]} g5 {[%clk 0:26:16]} 52. Ne2 {[%clk 0:22:22]} Kd5 {[%clk 0:26:11]} 53.
Ng3 {[%clk 0:20:07]} Bg6 {[%clk 0:26:18]} 54. Ne2 {[%clk 0:19:36]} Ra6 {[%clk
0:23:35]} 55. Nc1 {[%clk 0:15:58]} Be8 {[%clk 0:23:20]} 56. Nd3 {[%clk 0:15:50]}
Rb6 {[%clk 0:23:02]} 57. Ra2 {[%clk 0:15:05]} c4 {[%clk 0:23:05]} 58. Nf2 {[%clk
0:14:49]} Ra6 {[%clk 0:18:39]} 59. Ra1 {[%clk 0:14:22]} Bd7 {[%clk 0:18:48]} 60.
Nd1 {[%clk 0:14:05]} f5 {[%clk 0:18:07]} 61. Nf2 {[%clk 0:13:48]} Rb6 {[%clk
0:17:58]} 62. Nd1 {[%clk 0:13:46]} Rh6 {[%clk 0:17:17]} 63. h3 {[%clk 0:13:19]}
g4 {[%clk 0:17:01]} 64. fxg4 {[%clk 0:12:53]} fxg4 {[%clk 0:17:26]} 65. Ra3
{[%clk 0:12:45]} gxh3 {[%clk 0:17:13]} 66. gxh3 {[%clk 0:13:03]} Rxh3 {[%clk
0:17:06]} 67. Rxh3 {[%clk 0:11:35]} Bxh3 {[%clk 0:17:32]} 68. Nf2 {[%clk
0:09:50]} Bf5 {[%clk 0:17:57]} 69. Nh1 {[%clk 0:09:11]} Bg4 {[%clk 0:13:14]} 70.
Nf2 {[%clk 0:08:25]} Bf3 {[%clk 0:13:33]} 71. Nh3 {[%clk 0:07:31]} Ke5 {[%clk
0:13:21]} 72. Ng5 {[%clk 0:07:19]} Bd5 {[%clk 0:13:36]} 73. Nh3 {[%clk 0:07:33]}
Kf5 {[%clk 0:13:51]} 74. Ng1 {[%clk 0:06:56]} Ke5 {[%clk 0:12:30]} 75. Ne2 {[%clk
0:07:18]} Bf3 {[%clk 0:12:44]} 76. Nc1 {[%clk 0:07:40]} Kd5 {[%clk 0:12:28]} 77.
Na2 {[%clk 0:08:04]} Kc5 {[%clk 0:12:49]} 78. Nc1 {[%clk 0:08:21]} Kb4 {[%clk
0:09:36]} 79. Na2+ {[%clk 0:08:37]} Kb5 {[%clk 0:09:58]} 80. Nc1 {[%clk 0:09:01]}
a3 {[%clk 0:09:43]} 81. bxa3 {[%clk 0:09:24]} Ka4 {[%clk 0:09:51]} 82. c3 {[%clk
0:09:49]} Kxa3 {[%clk 0:09:13]} 83. cxd4 {[%clk 0:10:09]} 1/2-1/2

[Event "65+ World Senior Team Championship"]
[Site "chess24.com"]
[Date "2017.04.29"]
[Round "6"]
[White "Salov, Sergej"]
[Black "Vasiukov, Evgeni"]
[Result "1/2-1/2"]
[Board "2"]
[WhiteElo "2190"]
[WhiteTitle "IM"]
[WhiteCountry "GER"]
[WhiteFideId "4107926"]
[WhiteEloChange "5"]
[BlackElo "2396"]
[BlackTitle "GM"]
[BlackCountry "RUS"]
[BlackFideId "4100522"]
[BlackEloChange "-5"]

1. e4 {[%clk 1:30:54]} c6 {[%clk 1:30:53]} 2. d4 {[%clk 1:31:07]} d5 {[%clk
1:31:18]} 3. Nc3 {[%clk 1:31:17]} dxe4 {[%clk 1:31:43]} 4. Nxe4 {[%clk 1:31:38]}
Nf6 {[%clk 1:32:09]} 5. Nxf6+ {[%clk 1:31:43]} gxf6 {[%clk 1:32:37]} 6. c3 {[%clk
1:31:11]} Bf5 {[%clk 1:32:53]} 7. Nf3 {[%clk 1:30:40]} e6 {[%clk 1:32:39]} 8. g3
{[%clk 1:30:36]} Nd7 {[%clk 1:28:31]} 9. Bg2 {[%clk 1:29:37]} Bg7 {[%clk
1:27:19]} 10. O-O {[%clk 1:24:31]} Nb6 {[%clk 1:26:17]} 11. Re1 {[%clk 1:13:56]}
O-O {[%clk 1:24:10]} 12. Nh4 {[%clk 1:07:49]} Bg6 {[%clk 1:24:33]} 13. Nxg6
{[%clk 1:03:41]} hxg6 {[%clk 1:24:12]} 14. Qb3 {[%clk 1:03:41]} 1/2-1/2

[Event "65+ World Senior Team Championship"]
[Site "chess24.com"]
[Date "2017.04.29"]
[Round "6"]
[White "Zhelnin, Vladimir V"]
[Black "Baum, Bernd, Dr."]
[Result "1/2-1/2"]
[Board "3"]
[WhiteElo "2455"]
[WhiteTitle "IM"]
[WhiteCountry "RUS"]
[WhiteFideId "4105567"]
[WhiteEloChange "-3"]
[BlackElo "2226"]
[BlackTitle "FM"]
[BlackCountry "GER"]
[BlackFideId "4611853"]
[BlackEloChange "6"]

1. e4 {[%clk 1:30:52]} e6 {[%clk 1:30:54]} 2. d4 {[%clk 1:30:22]} d5 {[%clk
1:31:21]} 3. Nc3 {[%clk 1:30:11]} Nf6 {[%clk 1:31:43]} 4. Bg5 {[%clk 1:29:33]}
dxe4 {[%clk 1:32:05]} 5. Nxe4 {[%clk 1:29:12]} Nbd7 {[%clk 1:32:28]} 6. Nf3
{[%clk 1:23:33]} h6 {[%clk 1:32:47]} 7. Bxf6 {[%clk 1:17:45]} Nxf6 {[%clk
1:33:14]} 8. Bd3 {[%clk 1:17:58]} Nxe4 {[%clk 1:32:33]} 9. Bxe4 {[%clk 1:18:18]}
c5 {[%clk 1:32:48]} 10. Qe2 {[%clk 1:12:04]} Qa5+ {[%clk 1:30:42]} 11. c3 {[%clk
1:10:40]} cxd4 {[%clk 1:24:18]} 12. Nxd4 {[%clk 1:10:47]} Be7 {[%clk 1:24:19]}
13. Nc6 {[%clk 1:00:13]} Qb6 {[%clk 1:22:34]} 14. Nxe7 {[%clk 0:59:34]} Kxe7
{[%clk 1:22:59]} 15. O-O-O {[%clk 0:56:51]} Bd7 {[%clk 1:17:07]} 16. Rhe1 {[%clk
0:51:18]} Rhd8 {[%clk 1:15:04]} 17. Qg4 {[%clk 0:36:56]} Ba4 {[%clk 1:02:39]} 18.
Rxd8 {[%clk 0:35:46]} Rxd8 {[%clk 1:02:52]} 19. Qh4+ {[%clk 0:33:05]} Kf8 {[%clk
0:40:19]} 20. Bxb7 {[%clk 0:29:02]} Qd6 {[%clk 0:40:08]} 21. Qb4 {[%clk 0:28:10]}
Qxb4 {[%clk 0:38:40]} 22. cxb4 {[%clk 0:28:08]} Rb8 {[%clk 0:38:38]} 23. Bf3
{[%clk 0:27:25]} Rxb4 {[%clk 0:38:13]} 24. b3 {[%clk 0:27:07]} Bd7 {[%clk
0:35:37]} 25. Kb2 {[%clk 0:26:44]} Ke7 {[%clk 0:35:46]} 26. Re5 {[%clk 0:21:31]}
Rb5 {[%clk 0:33:52]} 27. Rxb5 {[%clk 0:21:32]} Bxb5 {[%clk 0:34:21]} 28. Kc3
{[%clk 0:21:17]} Kd6 {[%clk 0:32:28]} 29. a4 {[%clk 0:10:56]} Bf1 {[%clk
0:27:35]} 30. h4 {[%clk 0:08:51]} g5 {[%clk 0:26:10]} 31. hxg5 {[%clk 0:09:12]}
hxg5 {[%clk 0:26:39]} 32. g3 {[%clk 0:07:28]} f5 {[%clk 0:23:33]} 33. b4 {[%clk
0:07:48]} e5 {[%clk 0:22:33]} 34. Bd1 {[%clk 0:05:52]} Bg2 {[%clk 0:18:28]} 35.
Bc2 {[%clk 0:05:23]} f4 {[%clk 0:17:05]} 36. gxf4 {[%clk 0:05:42]} 1/2-1/2